Nouveau code de procédure civile : Code de procédure civile; Code de l'organisation judiciaire; Voies d'exécution
Gardado en:
| Formato: | Libro |
|---|---|
| Idioma: | Undetermined |
| Publicado: |
Paris
Dalloz
2002
|
| Những chủ đề: | |
| Các nhãn: |
Engadir etiqueta
Sen Etiquetas, Sexa o primeiro en etiquetar este rexistro!
|
| Thư viện lưu trữ: | Trung tâm Học liệu Trường Đại học Cần Thơ |
|---|
| LEADER | 00522nam a2200181Ia 4500 | ||
|---|---|---|---|
| 001 | CTU_73010 | ||
| 008 | 210402s9999 xx 000 0 und d | ||
| 082 | |a 347.44 | ||
| 082 | |b N934 | ||
| 245 | 0 | |a Nouveau code de procédure civile : | |
| 245 | 0 | |b Code de procédure civile; Code de l'organisation judiciaire; Voies d'exécution | |
| 260 | |a Paris | ||
| 260 | |b Dalloz | ||
| 260 | |c 2002 | ||
| 650 | |a Civil procedure | ||
| 650 | |z French | ||
| 904 | |i Minh | ||
| 980 | |a Trung tâm Học liệu Trường Đại học Cần Thơ | ||